00805cam a22002174a 45000010009000000050017000090080041000260200039000670200036001060200038001420200035001800400013002150820026002281000024002542450094002782600056003723000034004286500037004626500070004997000018005691510982320221216095352.0071212s2008 maua b 001 0 eng  a9780674027145 (cloth : alk. paper) a0674027140 (cloth : alk. paper) a9780674027152 (pbk. : alk. paper) a0674027159 (pbk. : alk. paper) cPK-LaUMT00a617.482044222bALP-S1 aAlpert, Michelle J.10aSpinal cord injury and the family :ba new guide /cby Michelle J. Alpert and Saul Wisnia aCambridge, Mass. :bHarvard University Press,c2008 axiv, 338 p. :bill. ;c22 cm. 0aSpinal cordxWounds and injuries 0aSpinal cordxWounds and injuriesxPatientsxFamily relationships.1 aWisnia, Saul.